000 01014nam a2200289 i 4500
003 DO-SdBNP
005 20230517102554.0
006 a||||gr|||| 00| 0
007 ta
008 230511e2022 dr ||||gr|||| 001 edspa d
020 _a9789945635638
040 _aDO-SdBNP
_bspa
_cBNPHU
_erda
082 4 _222
_bP592d
100 1 _924929
_aPichardo, Manolo
245 1 3 _aEl desplazamiento del poder global:
_bhacia un nuevo orden. /
_cManolo Pichardo; prólogo, José Ignacio Martínez Cortés
264 _aSanto Domingo :
_bSantuario,
_c2022
300 _a256 páginas
_c22 cm.
336 _2rdaconten
_atexto
_btxt
337 _2rdamedia
_asin medición
_bn
338 _2rdacarrier
_avolumen
_bnc
500 _aIncluye datos biográficos del autor en las solapas de las cubiertas.
500 _aIncluye bibliografía y notas al pie de páginas
504 _aBibliografía: página 255
590 _aInventariado 2023 / MF
700 1 _aMartínez Cortés, José Ignacio
_eprólogo
_983363
942 _2ddc
_cLBS1
999 _c53486
_d53486